Welcome to the Holygrace Academy Library

Please use search bar below to get started

NEP TUNED SCIENCE - 6 (Record no. 8936)

MARC details
000 -LEADER
fixed length control field 00313nam a22001337a 4500
082 ## - DEWEY DECIMAL CLASSIFICATION NUMBER
Classification number 500
Item number NEP/N
100 ## - MAIN ENTRY--AUTHOR NAME
Personal name NEP
245 ## - TITLE STATEMENT
Title NEP TUNED SCIENCE - 6
246 ## - VARYING FORM OF TITLE
Title proper/short title NEP TUNED SCIENCE - 6
Remainder of title NEP TUNED SCIENCE - 6
260 ## - PUBLICATION, DISTRIBUTION, ETC. (IMPRINT)
Place of publication HYDERABAD
Name of publisher ORIENT BLACK SWAN
Year of publication 2024
300 ## - PHYSICAL DESCRIPTION
Number of Pages 234
650 ## - SUBJECT ADDED ENTRY--TOPICAL TERM
Topical Term SCIENCE
942 ## - ADDED ENTRY ELEMENTS (KOHA)
Koha item type Books
Holdings
Withdrawn status Lost status Collection code Home library Current library Shelving location Date acquired Source of acquisition Cost, normal purchase price Full call number Accession Number Koha item type
    Reference Main Library Main Library SHELF 7E CLASS 7,8,9 MIX 05/09/2024 PURCHASED 631.00 500 NEP/N 13699 Books